00555 2200169 4500245010500000020002200105250001100127700001700138650002800155005001900183260001800202041001400220084001000234500010400244490002800348336000900376 aEnsiklopedia Matematika Volume 5 b : Bilangan Bulat, Pecahan, Arimetika SosialcA. IsmunamtohText a978-602-9083-00-2 aCet. 2 aA. Ismunamto aEnsiklopedia Matematika a20231124103125 aJakartac2011 aIndonesia a510.3 aDaftar isi : Bilangan Bulat (melakukan operasi hitung bilangan bulat, faktor dan faktorisasi prima) aEnsiklopedia Matematika atext